Rosé - number one girl (Lyrics) - Statistics

General Stats
  • This quiz has been taken 51 times
  • The average score is 346 of 385
Answer Stats
Lyrics % Correct
I
100%
me
100%
me?
100%
me,
100%
that
100%
you
100%
a
96%
girl
96%
I'm
96%
number
96%
one
96%
to
96%
your
96%
do
93%
eyes
93%
eyes,
93%
give
93%
in
93%
it
93%
it,
93%
tell
93%
the
93%
told
93%
up
93%
want
93%
all
89%
anything
89%
be
89%
hear
89%
I'd
89%
make
89%
special,
89%
why
89%
and
86%
city
86%
don't
86%
if
86%
know
86%
only
86%
pretty
86%
this
86%
what
86%
at
82%
dying
82%
for
82%
little
82%
lonely)
82%
lonely?
82%
look
82%
need
82%
say
82%
big
79%
got
79%
isn't
79%
night
79%
take
79%
angel,
75%
'cause
75%
late
75%
real
75%
so
75%
sweetheart
75%
then
75%
with
75%
gon'
71%
of
71%
thing,
71%
what's
71%
back
68%
even
68%
heart,
68%
loved
68%
evidence
64%
new
61%
relevant
61%
places,
57%
that's
57%
enough
54%
friendly
54%
worth
54%
down
50%
earth,
46%
going
46%
through
43%
yeah,
43%
accept
36%
phases,
36%
well,
18%
No matching quizzes found
Score Distribution
Percent of People with Each Score
Percentile by Number Answered
Your Score History
You have not taken this quiz